000 00566cam a22002053a 4500
001 41818
003 PGUSA
005 20140828083937.0
008 130111s2013||||xxu|||||s|||||000 | eng d
040 _aPGUSA
_beng
042 _adc
100 1 _aHesse, Hermann,
_d1877-1962
245 1 0 _aHermann Lauscher
_h[electronic resource] /
_cHermann Hesse
260 _bProject Gutenberg,
_c2013
506 _aPublic domain in the USA.
516 _aElectronic text
830 0 _aProject Gutenberg
_v41818
856 4 0 _uhttp://www.gutenberg.org/ebooks/41818
942 _cEB
999 _c271070
_d271070